<?xml version="1.0" encoding="UTF-8"?>
<collection xmlns="http://www.loc.gov/MARC21/slim">
  <record>
    <leader>00000nam  2200000   4500</leader>
    <controlfield tag="001">INLIS000000000005627</controlfield>
    <controlfield tag="005">20190813092646</controlfield>
    <datafield tag="035" ind1="#" ind2="#">
      <subfield code="a">0010-0819000057</subfield>
    </datafield>
    <controlfield tag="007">ta</controlfield>
    <controlfield tag="008">190813################g##########0#ind##</controlfield>
    <datafield tag="082" ind1="#" ind2="#">
      <subfield code="a">297</subfield>
    </datafield>
    <datafield tag="084" ind1="#" ind2="#">
      <subfield code="a">297 Iqb m</subfield>
    </datafield>
    <datafield tag="100" ind1=" " ind2="#">
      <subfield code="a">Iqbal, Muhammad</subfield>
    </datafield>
    <datafield tag="245" ind1="1" ind2="#">
      <subfield code="a">Membangun Kembali Pikiran Agama Dalam Islam /</subfield>
      <subfield code="c">Muhammad Iqbal</subfield>
    </datafield>
    <datafield tag="260" ind1="#" ind2="#">
      <subfield code="a">Jakarta :</subfield>
      <subfield code="b">Tintamas,</subfield>
      <subfield code="c">1982</subfield>
    </datafield>
    <datafield tag="300" ind1="#" ind2="#">
      <subfield code="a">xxxix, 220 hlm. :</subfield>
      <subfield code="b">ilus ;</subfield>
      <subfield code="c">21 cm</subfield>
    </datafield>
    <datafield tag="650" ind1="#" ind2="#">
      <subfield code="a">Agama, Islam</subfield>
    </datafield>
    <datafield tag="520" ind1="#" ind2="#">
      <subfield code="a">Apa yang harus dilakukan manusia Muslim dewasa ini dalam menghadapi dunianya dan dunia terbuka berhadapan dengan pelbagai amcam kebudayaan, aliran politik, tasauf dan filsafat? Sebagai individu dan masyarakat, apa pikiran kita tentang alam dan agama, hubungan manusia dengan Tuhan? Sampai dimana otoritas psikologi dan filsafat terhadap agama? Bagaimana sikap angkatan muda Isalm menghadapi semua itu, di Asia dan Afrika, menghadapi hukum Islam dan pelbagai macam aliran di luarnya? Pertanyaan-pertanyaan ini juga yang menjadi persoalan besar dan pelik. Iqbal - seorang sufi yang mengecam kehidupan tasauf, seorang filsuf dan sarjana hukum dan filsafat modern dari universitas-universitas di Eropa yang menyerang pikiran Barat, dan sekaligus hukum fiqh - dalam buku ini menganalisa persoalan-persoalan tersebut dengan cara yang unik dan luar biasa.</subfield>
    </datafield>
    <datafield tag="856" ind1="#" ind2="#">
      <subfield code="a">Perpustakaan Lembaga Administrasi Negara</subfield>
    </datafield>
    <datafield tag="990" ind1="#" ind2="#">
      <subfield code="a">02116729</subfield>
    </datafield>
  </record>
</collection>
